000 00768nam a2200289Ia 4500
005 20260324131016.0
008 008 260324s9999 xx 000 0 eng d
020 _a9780203405314
037 _aEBOOK
040 _aCRL
040 _beng
040 _cCRL
041 _2eng
041 _aeng
084 _qCRL
100 _aFrank Bliss
_91183873
245 0 _aSocial and Economic Change in the Pamirs (Gorno-Badakhshan, Tajikistan)
245 0 _bTranslated from German by Nicola Pacult and Sonia Guss with support of Tim Sharp
260 _bTaylor and Francis
260 _c2006
365 _a
365 _b300
856 _uhttp://www.taylorfrancis.com/books/9780203405314
942 _cEBOOK
999 _c1780660
_d1780660